000 01526nam a2200301 a 4500
001 000014939
005 20260325092010.0
008 100127s2006 dr ad 001 0 spa d
020 _a9789993468943
040 _aDO-SdBNP
_bspa
_cBNPHU
082 _a345.01
_bF745j
100 1 _aFortunato , José Luis
_933812
245 1 3 _aEl juez y el ministerio público en el nuevo proceso penal dominicano /
_cJosé Luis Fortunato ; prólogo Eddy Olivares.
260 _aSanto Domingo :
_bSociedad Jurídica Dominicana,
_c2006.
_fPegaso
300 _a236 p. :
_bil., gráfcs. ;
_c25 cm.
500 _aIncluye bibliografía y notas al pie de páginas.
500 _aIncluye datos biográficos del autor en la solapa de la cubierta
504 _aBibliografía: p. 215-216.
505 0 _gPrólogo /
_rEddy Olivares --
_tEl juez: formación, designación y función --
_tLos principios y tratados internacionales --
_tLos sujetos procesales --
_tLa fase preparatoria --
_tFase preliminar --
_tLa jurisdicción de fondo --
_tEl recurso de apelación --
_tInnovación del nuevo código procesal --
_tEl recurso de amparo --
_tEl defensor del pueblo --
_gConsideraciones --
_gBibliografía --
_gAnexos.
590 _aInventariado,2018/DG
650 4 _aJueces
_xSelección y nombramiento
_933813
650 0 _aPoder judicial
_9556
650 4 _aFunción judicial
_98466
650 0 _aAdministración de justicia
_910083
650 0 _aDerecho procesal
_9555
700 1 _aOlivares Eddy,
_epról.
_933814
910 _aValidado. Control de calidad EMS
999 _c14519
_d14519